| 000 | 00652nam a2200241Ia 4500 | ||
|---|---|---|---|
| 003 | OSt | ||
| 005 | 20221007082244.0 | ||
| 006 | a|||||r|||| 00| 0 | ||
| 007 | ta | ||
| 008 | 221006b |||||||| |||| 00| 0 eng d | ||
| 024 | _a16,241 | ||
| 037 | _cReports / Technical Reports | ||
| 040 |
_aFLL _cFLL _beng |
||
| 041 |
_2eng _aeng |
||
| 082 | _aX8(J).677.N66t, M6 | ||
| 110 | _aGovt. Of India | ||
| 245 | 0 | _aReport on agrarian reform in the United Arab Republic | |
| 260 | _c1966 | ||
| 300 |
_a22p _ccm. |
||
| 700 | _aGovt. Of India | ||
| 942 |
_hX8(J).677.N66t, M6 _cREP _2CC |
||
| 999 |
_c1165838 _d1165838 |
||